IN SEARCH OF ETHICAL LEADERSHIP (Record no. 9519)

MARC details
000 -LEADER
fixed length control field 00336nam a22001577a 4500
003 - CONTROL NUMBER IDENTIFIER
control field SGT
020 ## - INTERNATIONAL STANDARD BOOK NUMBER
International Standard Book Number 9788170946311
082 ## - DEWEY DECIMAL CLASSIFICATION NUMBER
Classification number 158.4,LAL
100 ## - MAIN ENTRY--PERSONAL NAME
Personal name LALA,R.M
245 ## - TITLE STATEMENT
Title IN SEARCH OF ETHICAL LEADERSHIP
250 ## - EDITION STATEMENT
Edition statement 1ST
260 ## - PUBLICATION, DISTRIBUTION, ETC. (IMPRINT)
Place of publication, distribution, etc NEW DELHI
Name of publisher, distributor, etc VISION BOOKS
Year of Publication 2011
300 ## - PAGE DESCRIPTION
No. of Pages 200
650 ## - SUBJECT ADDED ENTRY--TOPICAL TERM
Topical term or geographic name as entry element PSYCHOLOGY
942 ## - ADDED ENTRY ELEMENTS (KOHA)
Source of classification or shelving scheme Dewey Decimal Classification
Koha item type FCM Books
Holdings
Withdrawn status Lost status Source of classification or shelving scheme Damaged status Not for loan Collection code Home library Current library Shelving location Date acquired Vendor Name Cost, normal purchase price SGTU Bill Number Full call number Accession No. (Barcode) Date last seen Bill Date Koha item type
    Dewey Decimal Classification   Not For Loan COMMERCE MANAGEMENT SGT Science & Social Sciences Library SGT Science & Social Sciences Library Reference Book 07/07/2016 KIRTI PRAKASHAN 250.00 SGTU 2186 158.4,LAL CM1410 07/07/2016 18/11/2015 FCM Books